Statistics for Octonauts

Click here to take the quiz!

General Stats

  • This quiz has been taken 63 times
  • The average score is 10 of 20

Answer Stats

HintAnswer% Correct
5Sea-otter scientist Shellington
97%
1Captain of the crewBarnacles
94%
4Programmer dog Dashi
94%
8Penguin medic Peso
94%
3Engineer BunnyTweak
94%
6Professor OctopusInkling
91%
2Pirate CatKwazii
91%
7Head VegimalTunip
81%
18Grandfather of 2Calico Jack
41%
12Older sister of 5Pearl
41%
13Son of above and nephew to 5Periwinkle
38%
11Younger brother of 8Pinto
34%
9HydrologistPaani
31%
10Younger sister of 4Koshi
25%
19Father of 3Ranger Marsh
22%
20Cave diver and good friend of 4
Ryla
16%
14Map-maker and good friend of 6Min
16%
16Daughter of aboveUrsa
13%
17Son of 15Orson
9%
15Twin sister to 1Blanca
3%

Score Distribution

Percentile by Number Answered

Percent of People with Each Score

Your Score History

You have not taken this quiz